| 000 | 00709cam a22002291 4500 | ||
|---|---|---|---|
| 001 | sa 66001892 | ||
| 003 | DLC | ||
| 005 | 20260227112225.0 | ||
| 008 | 770603s1965 ii 000 0 eng | ||
| 010 | _asa 66001892 | ||
| 025 | _aPL480: I-E-4897 | ||
| 035 | _a(OCoLC)3014964 | ||
| 040 |
_aDLC _cMoU _dOCoLC _dDLC |
||
| 042 | _apremarc | ||
| 050 | 0 | 0 |
_aHX394 _b.N38 1965 |
| 100 | 1 |
_aNehru, Jawaharlal, _d1889-1964. |
|
| 245 | 1 | 0 |
_aCongressmen's primer for socialism; _ca compilation compiled by H. D. Malaviya. Foreword by Indira Gandhi. Introd. by Gulzari Lal Nanda. |
| 250 | _a[1st ed.] | ||
| 260 |
_aNew Delhi, _bSocialist Congressman _c[1965] |
||
| 300 |
_aix, 199 p. _c22 cm. |
||
| 650 | 0 | _aSocialism. | |
| 999 |
_c68052 _d68052 |
||